Nuevos avances en la investigación social (Record no. 15849)

MARC details
000 -LEADER
campo de control de longitud fija 00871nam a2200241 i 4500
001 - NÚMERO DE CONTROL
campo de control 15849
003 - IDENTIFICADOR DE NÚMERO DE CONTROL
campo de control ES-MaACL
005 - FECHA Y HORA DE LA ÚLTIMA TRANSACCIÓN
campo de control 20250819052223.0
007 - CAMPO FIJO DE DESCRIPCIÓN FÍSICA--INFORMACIÓN GENERAL
campo de control de longitud fija t|
008 - DATOS DE LONGITUD FIJA--INFORMACIÓN GENERAL
campo de control de longitud fija 000508s1998 sp ||||1| spa d
020 ## - NÚMERO INTERNACIONAL ESTÁNDAR DEL LIBRO
Número Internacional Estándar del Libro 84-922438-0-5
080 ## - NÚMERO DE LA CLASIFICACIÓN DECIMAL UNIVERSAL
Número de la Clasificación Decimal Universal 303
245 00 - MENCIÓN DEL TÍTULO
Título Nuevos avances en la investigación social
Resto del título : la investigación social de segundo orden /
Mención de responsabilidad, etc. introducción y selección de textos de Jesús Ibáñez.
250 ## - MENCION DE EDICION
Mención de edición 2ª ed. aumentada.
260 ## - PUBLICACIÓN, DISTRIBUCIÓN, ETC.
Lugar de publicación, distribución, etc. Barcelona :
Nombre del editor, distribuidor, etc. Proyecto A,
Fecha de publicación, distribución, etc. 1998.
300 ## - DESCRIPCIÓN FÍSICA
Extensión 2 v. ;
Dimensiones 24 cm.
490 1# - MENCIÓN DE SERIE
Mención de serie Cuadernos A. Biblioteca universitaria. Temas de ciencias sociales ;
Designación de volumen o secuencia 8,9
650 14 - PUNTO DE ACCESO ADICIONAL DE MATERIA--TÉRMINO DE MATERIA
Término de materia o nombre geográfico como elemento de entrada Ciencias sociales-
Subdivisión general Metodología
9 (RLIN) 10996
700 1# - ENTRADA AGREGADA--NOMBRE PERSONAL
Nombre de persona Ibáñez, Jesús.
9 (RLIN) 64906
830 00 - PUNTO DE ACCESO ADICIONAL DE SERIE-TÍTULO UNIFORME
Título uniforme Cuadernos A.
Nombre de parte o sección de la obra Biblioteca universitaria
Designación de volumen o secuencia 8,9
9 (RLIN) 228354
852 ## - LOCALIZACIÓN
Ubicación ES-MaACL
Número de control de estantería L-23100-1
Sublocalización o colección R.127060
Holdings
Estatus retirado Estado de pérdida Estado de daño No para préstamo Biblioteca de origen Biblioteca actual Ubicación en estantería Fecha de adquisición Fuente de adquisición Total de préstamos Signatura topográfica completa Código de barras Visto por última vez Precio de reemplazo Tipo de ítem Koha
        Biblioteca del Ateneo de Madrid Biblioteca del Ateneo de Madrid Depósito 2 17/01/2008     L-23100-1 1016109 23/02/2023 23/02/2023 Libro impreso